Читанка (Запис номер 1428)
[ съкратено ]
| 000 -Лидер | |
|---|---|
| Контролно поле с фиксирана дължина | 01456nam a2200385 a 4500 |
| 003 - Код на организацията, давaща контролен номер | |
| Контролно поле | BLK |
| 005 - Дата и час на последна редакция | |
| Контролно поле | 20231218130207.0 |
| 008 - Елементи от данни с фиксирана дължина | |
| fixed length control field | 180412b bul|||||r ||||||| ||bul|| |
| 010 ## - Наследен системен номер | |
| LC control number | KNG00002257000 |
| 020 ## - Международен стандартен номер на книга ISBN | |
| Международен стандартен номер на книга ISBN | 954-01-0338-X |
| 040 ## - Източник на каталожния запис | |
| Идентификатор на билиотеката - собственик на записа | BLK |
| 041 ## - Код за език | |
| Код за езика на текст/звукозапис или на отделно заглавие | Български |
| Код за езика КДБФ | Български |
| 080 ## - УДК | |
| Текстов определител УДК | Основи на четенето. Методи на обучение в четенето |
| УДК код - определител по УДК | 372.41 |
| УДК определител | (075.2) |
| УДК - код + определител | 372.41(075.2) |
| 100 1# - Редна дума - Автор | |
| Автор | Милева, Леда Гео |
| R(LIN) | 95664 |
| 139 ## - Редно поле | |
| Редна дума | Читанка |
| Авторски знак | Чит - Ч 86 |
| 245 10 - Сведения за заглавието | |
| Заглавие | Читанка |
| Подзаглавни данни | За І кл. на СОУ |
| Редно поле (дума) | Леда Гео Милева. |
| 250 ## - Област на изданието | |
| Сведения за изданието | 2. изд. |
| 257 ## - Страна на издаване | |
| Страна на създаване/издаване | България |
| 260 ## - Област на издателските данни | |
| Място на издаване, разпространение и проч. | София |
| Име на издателя, разпространителя и проч. | Просвета |
| Година на издаване | 1993 |
| 300 ## - Физическа характеристика | |
| Страници | 80 с. |
| Илюстрации и др. | с цв. ил. |
| Размери/Мащаб | 24 см |
| 380 ## - Жанр | |
| Жанр | Обществени науки |
| 500 ## - Общи забележки | |
| Забележка | 1 изд. 1990. - Други авт. : М. Торосова, Ст. Миленкова, Т. Узунова. - 60 000 тир., доп. тир. 1994. |
| 650 #4 - Допълнително описание по предмет – тема | |
| Основно описание – тема или топоним | Читанка - учебници за начални училища |
| 9 (RLIN) | 244157 |
| 653 ## - Ключова дума – ненормативна | |
| Ключова дума | читанки |
| 653 ## - Ключова дума – ненормативна | |
| Ключова дума | четене |
| 653 ## - Ключова дума – ненормативна | |
| Ключова дума | І кл. |
| 653 ## - Ключова дума – ненормативна | |
| Ключова дума | учебници за основни училища |
| 852 ## - Местоположение | |
| Форматна сигнатура | Цб 173849 |
| Фондова буква | Хранилище |
| 856 4# - Електронен адрес и достъп | |
| Електронен формат | pdf - файл |
| Път до файла /url/ | |
| Инструкция (цена за достъп) | 0.00 |
| Права за достъп | disable |
| 856 4# - Електронен адрес и достъп | |
| Електронен формат | pdf - файл |
| Път до файла /url/ | |
| Инструкция (цена за достъп) | 0.00 |
| Права за достъп | disable |
| 999 ## - СИСТЕМНИ КОНТРОЛНИ НОМЕРА | |
| Koha biblionumber | 1428 |
| Koha biblioitemnumber | 1428 |
| 942 ## - АРТИКУЛИ | |
| Вид на библиотечния материал | Книги |
| Скрит в OPAC | Не |
| Периодичен библиозапис | Да |
| 944 ## - СЪЗДАВАНЕ И РЕДАКЦИЯ на ЗАПИСА | |
| Създаване/Редакция | Създаване |
| Дата на регистрацията/редакция | 15.01.2003 |
| Статус, дата на статуса | Геновева Генчева |
| Служител, извършил регистрацията/редакцията | 30560 |
| 944 ## - СЪЗДАВАНЕ И РЕДАКЦИЯ на ЗАПИСА | |
| Създаване/Редакция | Редакция |
| Дата на регистрацията/редакция | 19.01.2017 |
| Статус, дата на статуса | ф / |
| Служител, извършил регистрацията/редакцията | Геновева_Генчева |
| 999 ## - СИСТЕМНИ КОНТРОЛНИ НОМЕРА | |
| Koha biblioitemnumber | 1428 |
| Код за отписване | Код за изгубен артикул | Източник на класификационната схема | Код за повреда | Коз за рестрикции | Код за отдаване | Артикулен № | Име на библиотеката - собственик | Име на библиотеката, в която се намира в момента | Статус (Текущо местоположение) | Дата на вписване в системата | Местоположение - отдел | Цена в лева | Инвентарен номер | Систематично азбучна сигнатура | Баркод | Номер на екземпляра | Цена в евро | Служебна бележка | Служебен тип на артикула |
|---|---|---|---|---|---|---|---|---|---|---|---|---|---|---|---|---|---|---|---|
| Не е изгубен | Universal Decimal Classification | Не е повреден | без рестрикции | ползва се в читалня | 2795 | Регионална библиотека "Любен Каравелов" Русе | Регионална библиотека "Любен Каравелов" Русе | Хранилище | 1993-01-01 | Хранилище | 0.52 | 581339 | Цб 173849 | 120000581339 | 1 | 0.27 | Дост: Dp Вид: Д N: стар фонд Дата: 01.01.1993 | Книги |